| 000 | 00746nam a22001577a 4500 | ||
|---|---|---|---|
| 020 | _a9501409678 | ||
| 080 | _a347.919.7 R 145 | ||
| 100 | _aRamirez, Jorge Orlando | ||
| 245 | _aEl Juicio de Desalojo | ||
| 250 | _a4° Ed. Act. | ||
| 260 |
_aBuenos Aires: _bDepalma, _c1997 |
||
| 300 | _a391 P. | ||
| 650 |
_xderecho procesal civil _xproceso civil _xproceso sumario _xdesalojo _xjuicio de desalojo _xaccion de reivindicacion _xaccion de despojo _xaccion de desalojo _xdemanda _xcontestacion _xexcepciones previas _xconvenios de desocupacon _xdoctrina _xjurisprudencia _xcontrato de locacion _xrescision _xintimacion a pagar _xley 23091 _xmodelos _xley de convertibilidad _xley 23928 _xmoneda extranjera _xprecio _xley 11443 |
||
| 945 |
_acd _d2023-05-09 |
||
| 999 |
_c5289 _d235793 |
||
| 942 | _6_ | ||